<?xml version='1.0' encoding='UTF-8'?>
  <record xmlns="http://www.loc.gov/MARC21/slim">
    <leader>00000cam a22000007i 4500</leader>
    <controlfield tag="001">ocm63400201</controlfield>
    <controlfield tag="003">OCoLC</controlfield>
    <controlfield tag="005">20250303092952.8</controlfield>
    <controlfield tag="008">810806s1617    ne            000 0 dut d</controlfield>
    <datafield tag="040" ind1=" " ind2=" ">
      <subfield code="a">NLGGC</subfield>
      <subfield code="b">dut</subfield>
      <subfield code="e">fobidrtb</subfield>
      <subfield code="c">NLGGC</subfield>
      <subfield code="d">OCLCO</subfield>
      <subfield code="d">OCLCL</subfield>
      <subfield code="d">OCLCQ</subfield>
    </datafield>
    <datafield tag="029" ind1="0" ind2=" ">
      <subfield code="a">NLGGC</subfield>
      <subfield code="b">810789213</subfield>
    </datafield>
    <datafield tag="035" ind1=" " ind2=" ">
      <subfield code="a">(OCoLC)63400201</subfield>
    </datafield>
    <datafield tag="100" ind1="1" ind2=" ">
      <subfield code="a">Telle, Reinier,</subfield>
      <subfield code="d">1558/59-1618.</subfield>
      <subfield code="1">https://id.oclc.org/worldcat/entity/E39PCjCH4JfTtHyHkYPH6Vx8fm</subfield>
    </datafield>
    <datafield tag="245" ind1="1" ind2="4">
      <subfield code="a">Der Contraremonstranten kerf-stock, die nimmermeer yser wordt. :</subfield>
      <subfield code="b">Aen de Roomsche Catholijcken. : Op de wyse: Het was een fray rijck burghers kindt. /</subfield>
      <subfield code="c">Door een lief-hebber van de vrye waerheydt.</subfield>
    </datafield>
    <datafield tag="260" ind1=" " ind2=" ">
      <subfield code="a">[S.l. :</subfield>
      <subfield code="b">s.n.],</subfield>
      <subfield code="c">[1617]</subfield>
    </datafield>
    <datafield tag="300" ind1=" " ind2=" ">
      <subfield code="a">[8] p. ;</subfield>
      <subfield code="c">in-4.</subfield>
    </datafield>
    <datafield tag="336" ind1=" " ind2=" ">
      <subfield code="a">tekst</subfield>
      <subfield code="b">txt</subfield>
      <subfield code="2">rdacontent/dut</subfield>
    </datafield>
    <datafield tag="337" ind1=" " ind2=" ">
      <subfield code="a">zonder medium</subfield>
      <subfield code="b">n</subfield>
      <subfield code="2">rdamedia/dut</subfield>
    </datafield>
    <datafield tag="338" ind1=" " ind2=" ">
      <subfield code="a">band</subfield>
      <subfield code="b">nc</subfield>
      <subfield code="2">rdacarrier/dut</subfield>
    </datafield>
    <datafield tag="500" ind1=" " ind2=" ">
      <subfield code="a">Een lief-hebber van de vrye waerheydt is: Reinier Telle.</subfield>
    </datafield>
    <datafield tag="758" ind1=" " ind2=" ">
      <subfield code="a">Der Contraremonstranten kerf-stock, die nimmermeer yser wordt. Aen de Roomsche catholijcken ... door een Lief-hebber van de vrye Waerheydt (Text)</subfield>
      <subfield code="1">https://id.oclc.org/worldcat/entity/E39PCGX3pqrY3xdhPmRhdxhx9P</subfield>
      <subfield code="4">https://id.oclc.org/worldcat/ontology/hasWork</subfield>
    </datafield>
    <datafield tag="776" ind1="0" ind2=" ">
      <subfield code="t">Der Contraremonstranten kerf-stock, die nimmermeer yser wordt.</subfield>
      <subfield code="w">(NL-LeOCL)426233581</subfield>
    </datafield>
    <datafield tag="776" ind1="0" ind2=" ">
      <subfield code="t">Der Contraremonstranten kerf-stock, die nimmermeer yser wordt.</subfield>
      <subfield code="w">(NL-LeOCL)42623359X</subfield>
    </datafield>
    <datafield tag="776" ind1="0" ind2=" ">
      <subfield code="t">Der Contraremonstranten kerf-stock, die nimmermeer yser wordt.</subfield>
      <subfield code="w">(NL-LeOCL)43174999X</subfield>
    </datafield>
    <datafield tag="936" ind1=" " ind2=" ">
      <subfield code="a">BATCHLOAD</subfield>
    </datafield>
  </record>